000 00848nam a22002657a 4500
001 37251
003 BD-RjUL
005 20211209052607.0
008 141117s2003 ii a|||| b||| 001 0 eng d
020 _a8170352959
035 _a(BD-RjUL)37353
040 _aBD-RjUL
_beng
_cBD-RjUL
041 _aeng
082 _a595.7
_bSAI 2003
100 _aSathe, T. V.
_9114108
245 _aIndian pest parasitoids /
_cT.V. Sathe, S.A. Inamdar, R.K. Dawale.
260 _aDelhi :
_b Daya Pub. House,
_cc2003.
300 _a145 p. :
_b ill. ;
_c22 cm.
504 _aIncludes bibliographical references (p. [130]-138) and index.
650 _aParasitoids
_vClassification
_z India
_9114109
650 _aInsect pests
_xBiological control
_z India.
_9114110
700 _aInamdar, S. A.
_9114111
700 _aDawale, R. K.
_9114112
942 _2ddc
_cBK
999 _c37251
_d37251